Normal view
MARC view
- اللغة العربية - العروض
Entry Topical Term
001 - CONTROL NUMBER
- control field: 24524
003 - CONTROL NUMBER IDENTIFIER
- control field: JO-AjAnu
005 - DATE AND TIME OF LATEST TRANSACTION
- control field: 20230606074213.0
008 - FIXED-LENGTH DATA ELEMENTS
- fixed length control field: 230606|| aca||aabn | a|a d
040 ## - CATALOGING SOURCE
- Original cataloging agency: JO-AjAnu
- Transcribing agency: JO-AjAnu
150 ## - HEADING--TOPICAL TERM
- Topical term or geographic name entry element: اللغة العربية - العروض
670 ## - SOURCE DATA FOUND
- Source citation: Work cat.: (JO-AjAnu)12613: تأليف أبو مغلي، سميح, author 24523, الموجز الكافي في العروض والقوافي